000
00348 a2200157 4500
001
48456
020
_a
9788526017207
040
_c
Anchieta - Bela Vista
100
_a
França, Mary
240
1
0
_a
Canção do Sabiá
_l
por
245
1
0
_a
Canção do Sabiá
300
_a
24
362
0
_a
2012
650
4
_a
Literatura infanto-juvenil
942
_c
BK
999
_c
48456
_d
48456